<?xml version="1.0" encoding="UTF-8"?>
<record
    xmlns:xsi="http://www.w3.org/2001/XMLSchema-instance"
    xsi:schemaLocation="http://www.loc.gov/MARC21/slim http://www.loc.gov/standards/marcxml/schema/MARC21slim.xsd"
    xmlns="http://www.loc.gov/MARC21/slim">

  <leader>00511nam a22001697a 4500</leader>
  <controlfield tag="005">20250430102253.0</controlfield>
  <controlfield tag="008">250430b        |||||||| |||| 00| 0 eng d</controlfield>
  <datafield tag="020" ind1=" " ind2=" ">
    <subfield code="a">9798868806971</subfield>
  </datafield>
  <datafield tag="041" ind1=" " ind2=" ">
    <subfield code="a">eng</subfield>
  </datafield>
  <datafield tag="082" ind1=" " ind2=" ">
    <subfield code="a">005.74 JOL</subfield>
  </datafield>
  <datafield tag="100" ind1=" " ind2=" ">
    <subfield code="a"> Jolly, Jessica</subfield>
  </datafield>
  <datafield tag="245" ind1=" " ind2=" ">
    <subfield code="a">Microsoft Power BI Data Analyst Certification Companion: Preparation for Exam PL-300 </subfield>
  </datafield>
  <datafield tag="260" ind1=" " ind2=" ">
    <subfield code="a">USA (NY)</subfield>
    <subfield code="b">Apress</subfield>
    <subfield code="c">2025 (Reprint)</subfield>
  </datafield>
  <datafield tag="300" ind1=" " ind2=" ">
    <subfield code="a">389;. pages 25 cm</subfield>
  </datafield>
  <datafield tag="650" ind1=" " ind2=" ">
    <subfield code="a">Information Technology; Microsoft Power BI; </subfield>
  </datafield>
  <datafield tag="942" ind1=" " ind2=" ">
    <subfield code="c">BK</subfield>
  </datafield>
  <datafield tag="999" ind1=" " ind2=" ">
    <subfield code="c">43629</subfield>
    <subfield code="d">43629</subfield>
  </datafield>
  <datafield tag="952" ind1=" " ind2=" ">
    <subfield code="0">0</subfield>
    <subfield code="1">0</subfield>
    <subfield code="2">ddc</subfield>
    <subfield code="4">0</subfield>
    <subfield code="7">0</subfield>
    <subfield code="a">IMTN</subfield>
    <subfield code="b">IMTN</subfield>
    <subfield code="c">Rack 3-A</subfield>
    <subfield code="d">2025-04-30</subfield>
    <subfield code="e">Raghav Book Private Limited</subfield>
    <subfield code="g">1499.00</subfield>
    <subfield code="l">1</subfield>
    <subfield code="o">005.74 JOL</subfield>
    <subfield code="p">33920</subfield>
    <subfield code="r">2025-10-29 14:58:38</subfield>
    <subfield code="s">2025-04-30</subfield>
    <subfield code="t">35</subfield>
    <subfield code="w">2025-04-30</subfield>
    <subfield code="y">BK</subfield>
    <subfield code="z">Dr. Senthil Kumar</subfield>
  </datafield>
</record>
